00390pab a2200145 454500008004000000100001600040245005600056260000900112300001300121362001200134650002200146700001900168700001800187773003900205180718b1999 xxu||||| |||| 00| 0 eng d aPunitha, M. aWomen entrepreneurs: their problems and constraints c1999 ap.707-16 aOct-Dec aWomen in business aPadmavathi, K. aSangeetha, S. aIndian Journal of Labour Economics